Zimbabwe's exodus: crisis, migration, survival (Record no. 62454)

MARC details
000 -LEADER
fixed length control field 00868nam a2200217 a 4500
008 - FIXED-LENGTH DATA ELEMENTS--GENERAL INFORMATION
fixed length control field 111003s2010 ||||||||||||||||| || u
020 ## - INTERNATIONAL STANDARD BOOK NUMBER
International Standard Book Number 9781920409227
050 ## - LIBRARY OF CONGRESS CALL NUMBER
Classification number JV 9006.15 Zim
100 ## - MAIN ENTRY--PERSONAL NAME
Personal name Tevera, Daniel
245 10 - TITLE STATEMENT
Title Zimbabwe's exodus: crisis, migration, survival
Statement of responsibility, etc. edited by Jonathan Crush and Daniel Tevera
260 ## - PUBLICATION, DISTRIBUTION, ETC.
Place of publication, distribution, etc. Kingston
Name of publisher, distributor, etc. Southern African Migration Programme
Date of publication, distribution, etc. 2010
300 ## - PHYSICAL DESCRIPTION
Extent xiv, 416p.: ill.
350 ## - PRICE (NR) (BK AM CF MU VM SE) [OBSOLETE]
Price 0.00
650 ## - SUBJECT ADDED ENTRY--TOPICAL TERM
Topical term or geographic name entry element EMIGRANT REMITTANCES--ZIMBABWE
650 #7 - SUBJECT ADDED ENTRY--TOPICAL TERM
Topical term or geographic name entry element MIGRATION
Source of heading or term gnd
650 ## - SUBJECT ADDED ENTRY--TOPICAL TERM
Topical term or geographic name entry element ZIMBABWE--ECONOMIC CONDITIONS
650 ## - SUBJECT ADDED ENTRY--TOPICAL TERM
Topical term or geographic name entry element AFRICAN DIASPORA--ECONOMIC ASPECTS
650 ## - SUBJECT ADDED ENTRY--TOPICAL TERM
Topical term or geographic name entry element ZIMBABWE--EMIGRATION AND IMMIGRATION
700 ## - ADDED ENTRY--PERSONAL NAME
Personal name Crush, Jonathan
995 ## - RECOMMENDATION 995 [LOCAL, UNIMARC FRANCE]
-- 0.00
-- CBU-MAIN LIBRARY (Kitwe)
-- 1
-- 0.00
-- 1
-- AVAILABLE
-- Dec 1, 2011
-- Main Library Open Access Collection
Holdings
Withdrawn status Lost status Source of classification or shelving scheme Damaged status Not for loan Home library Current library Shelving location Date acquired Total Checkouts Full call number Barcode Date last seen Price effective from Koha item type
          CBU-MAIN LIBRARY, KITWE. CBU-MAIN LIBRARY, KITWE.   11/30/2022   JV 9006.15 Zim 742561 11/30/2022 11/30/2022 MONOGRAPH